Mechanical metallurgy (Record no. 25704)

000 -LEADER
fixed length control field 00503nam a22001937a 4500
001 - CONTROL NUMBER
control field 25704
003 - CONTROL NUMBER IDENTIFIER
control field BD-DhUET
008 - FIXED-LENGTH DATA ELEMENTS--GENERAL INFORMATION
fixed length control field 150516b xxu||||| |||| 00| 0 eng d
040 ## - CATALOGING SOURCE
Transcribing agency 0
Modifying agency BD-DhUET
082 ## - DEWEY DECIMAL CLASSIFICATION NUMBER
Classification number 669.94
Item number DIE/1961
100 ## - MAIN ENTRY--PERSONAL NAME
Personal name Dieter, E. George
245 ## - TITLE STATEMENT
Title Mechanical metallurgy
250 ## - EDITION STATEMENT
Edition statement 1st ed.
260 ## - PUBLICATION, DISTRIBUTION, ETC. (IMPRINT)
Place of publication, distribution, etc. London
Name of publisher, distributor, etc. McGraw-Hill
Date of publication, distribution, etc. 1961
300 ## - PHYSICAL DESCRIPTION
Extent xix, 615p.
Other physical details ill
490 ## - SERIES STATEMENT
Series statement Metallurgy and metallurgical engineering series
650 #0 - SUBJECT ADDED ENTRY--TOPICAL TERM
Topical term or geographic name as entry element Strength of materials
942 ## - ADDED ENTRY ELEMENTS (KOHA)
Koha item type General Book
Holdings
Location (home branch) Damaged status Price effective from Withdrawn status Sublocation or collection (holding branch) Koha issues (times borrowed) Source of classification or shelving scheme Koha date last seen Koha normalized classification for sorting Koha item type Not for loan Date acquired Piece designation (barcode) Koha full call number Lost status Koha out on loan Shelving location Copy number Koha date last borrowed
Central Library, BUET 2015-05-16 Central Library, BUET  2015-05-16669_940000000000000_DIE_1961General Book 2015-05-167380669.94/DIE/1961  Circulation section1 
Central Library, BUET 2015-05-16 Central Library, BUET  2015-05-16669_940000000000000_DIE_1961General Book 2015-05-1620408669.94/DIE/1961  Circulation section2 
Central Library, BUET 2015-05-16 Central Library, BUET  2015-05-16669_940000000000000_DIE_1961General Book 2015-05-1611400669.94/DIE/1961  Circulation section3 
Central Library, BUET 2015-05-16 Central Library, BUET  2015-05-16669_940000000000000_DIE_1961General Book 2015-05-1631952669.94/DIE/1961  Circulation section4 
Central Library, BUET 2015-05-19 Central Library, BUET  2015-05-19669_940000000000000_DIE_1961General Book 2015-05-1931933669.94/DIE/1961  Circulation section5 
Central Library, BUET 2015-05-20 Central Library, BUET2 2024-05-26669_940000000000000_DIE_1961General Book 2015-05-2054704669.94/DIE/1961  Circulation section62024-03-04
Central Library, BUET 2015-05-21 Central Library, BUET  2015-05-21669_940000000000000_DIE_1961General Book 2015-05-2124464669.94/DIE/1961  Circulation section7 
Central Library, BUET 2015-05-21 Central Library, BUET1 2018-10-06669_940000000000000_DIE_1961General Book 2015-05-2120407669.94/DIE/1961  Circulation section82018-08-08
Central Library, BUET 2015-05-23 Central Library, BUET  2017-03-11669_940000000000000_DIE_1961General Book 2015-05-2331936669.94/DIE/1961  Circulation section9 
Central Library, BUET 2015-05-23 Central Library, BUET1 2025-04-30669_940000000000000_DIE_1961General Book 2015-05-2331935669.94/DIE/1961 2025-05-14Circulation section102025-04-30
Central Library, BUET 2015-06-17 Central Library, BUET  2015-06-17669_940000000000000_DIE_1961General Book 2015-06-1724463669.94/DIE/1961  Reading section11 
Central Library, BUET 2015-06-27 Central Library, BUET  2015-06-27669_940000000000000_DIE_1961Reading Item 2015-06-2736043669.94/DIE/1961  Reading section12